The New American desk encyclopedia. (Record no. 35539)

MARC details
000 -LEADER
fixed length control field 00876nam a2200241 a 4500
001 - CONTROL NUMBER
control field 1042612
005 - DATE AND TIME OF LATEST TRANSACTION
control field 19891003060523.2
008 - FIXED-LENGTH DATA ELEMENTS--GENERAL INFORMATION
fixed length control field 891003s1989 nyuaf d 000 0deng
010 ## - LIBRARY OF CONGRESS CONTROL NUMBER
LC control number 89146595
020 ## - INTERNATIONAL STANDARD BOOK NUMBER
International Standard Book Number 0451158180
040 ## - CATALOGING SOURCE
Original cataloging agency DLC
Transcribing agency DLC
Modifying agency DLC
050 00 - LIBRARY OF CONGRESS CALL NUMBER
Classification number AG5
Item number .N49 1984
245 04 - TITLE STATEMENT
Title The New American desk encyclopedia.
250 ## - EDITION STATEMENT
Edition statement Rev. and updated ed.
260 ## - PUBLICATION, DISTRIBUTION, ETC. (IMPRINT)
Place of publication, distribution, etc New York, N.Y. :
Name of publisher, distributor, etc New American Library,
Date of publication, distribution, etc c1989.
300 ## - PHYSICAL DESCRIPTION
Extent 1374 p., [16] p. of plates :
Other physical details ill. (some col.) ;
Dimensions 18 cm.
500 ## - GENERAL NOTE
General note "Derivation and adaptation of the University desk encyclopedia"--T.p. verso.
500 ## - GENERAL NOTE
General note "A signet book."
650 #0 - SUBJECT ADDED ENTRY--TOPICAL TERM
Topical term or geographic name as entry element Encyclopedias and dictionaries.
906 ## - LOCAL DATA ELEMENT F, LDF (RLIN)
a 7
b cbc
c orignew
d 2
e ncip
f 19
g y-gencatlg
942 ## - ADDED ENTRY ELEMENTS (KOHA)
Source of classification or shelving scheme Library of Congress Classification
Item type Book
Holdings
Withdrawn status Lost status Source of classification or shelving scheme Damaged status Not for loan Collection code Home library Current library Shelving location Date acquired Full call number Barcode Copy number Price effective from Koha item type
    Library of Congress Classification     Non-fiction Bishop Okullu Memorial Library (Limuru Campus) Bishop Okullu Memorial Library (Limuru Campus) Reference 22/09/2009 REF AG5 .N49 1984 011006 1 22/09/2009 Book